Malta : 2008 Article IV Consultation; Staff Report; Public Information Notice on the Executive Board Discussion; and Statement by the Executive Director for Malta.

This 2008 Article IV Consultation highlights that Malta has experienced a three-year-long expansion reflecting strong foreign direct investment, export diversification, and value-added upgrading. Financial soundness indicators held up in 2007 despite unfavorable international developments. The banki...

Descrizione completa

Dettagli Bibliografici
Ente Autore: International Monetary Fund
Natura: Periodico
Lingua:English
Pubblicazione: Washington, D.C. : International Monetary Fund, 2008.
Serie:IMF Staff Country Reports; Country Report ; No. 2008/276
Accesso online:Full text available on IMF
LEADER 01799cas a2200241 a 4500
001 AALejournalIMF005304
008 230101c9999 xx r poo 0 0eng d
020 |c 5.00 USD 
020 |z 9781451826647 
022 |a 1934-7685 
040 |a BD-DhAAL  |c BD-DhAAL 
110 2 |a International Monetary Fund. 
245 1 0 |a Malta :   |b 2008 Article IV Consultation; Staff Report; Public Information Notice on the Executive Board Discussion; and Statement by the Executive Director for Malta. 
264 1 |a Washington, D.C. :  |b International Monetary Fund,  |c 2008. 
300 |a 1 online resource (51 pages) 
490 1 |a IMF Staff Country Reports 
500 |a <strong>Off-Campus Access:</strong> No User ID or Password Required 
500 |a <strong>On-Campus Access:</strong> No User ID or Password Required 
506 |a Electronic access restricted to authorized BRAC University faculty, staff and students 
520 3 |a This 2008 Article IV Consultation highlights that Malta has experienced a three-year-long expansion reflecting strong foreign direct investment, export diversification, and value-added upgrading. Financial soundness indicators held up in 2007 despite unfavorable international developments. The banking sector's liquidity and funding profile are healthy, and banks have remained profitable despite markdowns in security portfolios. Nonperforming loans fell further but are still comparatively high and thinly provisioned. The authorities are unbundling and opening to private participation the fuel and gas operations of the public energy company. 
538 |a Mode of access: Internet 
830 0 |a IMF Staff Country Reports; Country Report ;  |v No. 2008/276 
856 4 0 |z Full text available on IMF  |u http://elibrary.imf.org/view/journals/002/2008/276/002.2008.issue-276-en.xml  |z IMF e-Library